|
|
|
|
| LEADER |
00000nam2a2200000 4500 |
| 001 |
72493 |
| 005 |
20231031083501.0 |
| 035 |
|
|
|a (RuTPU)RU\TPU\book\77300
|
| 090 |
|
|
|a 72493
|
| 100 |
|
|
|a 20050125d1967 k y0rusy50 ca
|
| 101 |
0 |
|
|a rus
|
| 102 |
|
|
|a RU
|
| 105 |
|
|
|a a l 001zy
|
| 200 |
0 |
|
|a Ч. 1
|
| 205 |
|
|
|a Изд. офиц.
|
| 210 |
|
|
|d 1967
|
| 215 |
|
|
|a 335 с.
|c ил.
|e черт.
|
| 461 |
|
1 |
|0 (RuTPU)RU\TPU\book\92752
|t Лаки, краски и вспомогательные материалы
|v Ч. 1
|d 1967-
|s Государственные стандарты СССР
|
| 610 |
1 |
|
|a лакокрасочные материалы
|
| 610 |
1 |
|
|a лаки
|
| 610 |
1 |
|
|a эмали
|
| 610 |
1 |
|
|a грунтовки
|
| 610 |
1 |
|
|a стандарты
|
| 610 |
1 |
|
|a ГОСТы
|
| 675 |
|
|
|a 667(083)
|v 3
|
| 675 |
|
|
|a 658.516:667
|v 3
|
| 712 |
0 |
1 |
|a СССР
|b Комитет стандартов, мер и измерительных приборов (Госстандарт)
|c (1965-1970)
|2 stltpush
|3 (RuTPU)RU\TPU\col\14969
|
| 801 |
|
1 |
|a RU
|b 63413507
|c 20050125
|g PSBO
|
| 801 |
|
2 |
|a RU
|b 63413507
|c 20221205
|g PSBO
|
| 942 |
|
|
|c BK
|